Responses for Show #6359 - Thursday, April 19, 2012

Contestants

[<< previous game]

Carol Golliher, a retired English professor from Victorville, California

Nathan Fuller, a rural letter carrier from Sharon, Wisconsin

Dan Adkison, a copy editor from Brooklyn, New York (whose 1-day cash winnings total $13,200)

[next game >>]

Jeopardy! Round responses

YO-YO MA
THE 50 STATES
THE MOST POPULAR NETFLIX MOVIES
OTHER USPS ABBREV.
CENTENARIANS
G TO H
    $200 1
Rhode Island

Dan
    $200 21
The Blind Side

Nathan
    $200 6
an alley

Carol
    $200 15
George Burns

Carol
    $200 11
Gomorrah

Dan
    $400 2
Colorado

Nathan
    $400 22
The Bucket List

Carol
    $400 7
a bypass

Dan
    $400 17
Grandma Moses

Dan
    $400 12
goth

Carol
    $1,000 28
[The end-of-round signal sounds.]

Crouching Tiger, Hidden Dragon

Dan
    $600 3
the palmetto

Dan
    $600 23
Inception

Nathan
    $600 8
a mission

Dan
    $600 18
Jimmy Stewart

Nathan
    $600 13
a garnish

Dan
    $800 27
Stephen Harper

Triple Stumper
    $800 4
geothermal energy

Nathan
    $800 24
No Country for Old Men

Dan
    $800 9
a knoll

Carol
    $800 19
Stagg

Carol
    $800 14
a glitch

Nathan
    $1000 26
(Carol: Who is Mozart?)
(Nathan: Who is Vivaldi?)

Johann Sebastian Bach

NathanCarol
Triple Stumper
    $1000 5
(Nathan: What is South Dakota?)

Michigan

NathanCarol
    $1000 25
Iron Man

Triple Stumper
    $1000 10
(Alex: You guys didn't give Nathan a chance in that U.S. PGA category.)

springs

Carol
    $1000 20
Strom Thurmond

Nathan
    $1000 16
gibberish

Dan

Scores at the first commercial break (after clue 15):

Dan Nathan Carol
$2,600 $1,000 $3,600

Scores at the end of the Jeopardy! Round:

Dan Nathan Carol
$5,800 $2,400 $3,800

Double Jeopardy! Round responses

YO' MAMA
GAME SHOWS
IN THE BOOKSTORE
SCIENCE "B"
4-LETTER CROSSWORD REGULARS
THE HAZARDS OF DUKES
    $400 24
(Sarah) Palin

Dan
    $400 11
tic-tac-toe

Dan
    $400 2
Wimpy

Dan
    $400 5
a biopsy

Nathan
    $400 17
stet

Dan
    $400 1
Paris

Carol
    $800 26
Eleanor of Aquitaine

Nathan
    $800 12
(Nathan: What is $200?)

$100

NathanCarol
    $800 3
Princess Diana

Nathan
    $800 6
a brainwave (brainstorm accepted)

Carol
    $800 18
the epee

Dan
    $800 4
Ireland

Triple Stumper
    $1200 28
[The end-of-round signal sounds.]

Peggy Lipton

Triple Stumper
    $1200 13
Family Feud

Nathan
    $1200 7
Shel Silverstein

Nathan
    $1200 14
(Dan: What is barbiturate?)

barbital

DanCarol
    $4,600 19
sloe

Dan
    $1200 8
(Nathan: What is the moat?)

Malmsey wine (a tub of Malmsey accepted)

NathanCarol
    $1600 27
Marmee

Nathan
    $1600 15
(Nathan: What is 20 Questions?)

What's My Line?

Nathan
Triple Stumper
    $1600 9
(Nathan: Who is William Henry Harrison?)
(Carol: Who is McKinley?)

James Garfield

NathanCarol
Triple Stumper
    $1600 22
benzene

Triple Stumper
    $1600 20
an Ugli

Carol
    $2000 25
Hagar

Carol
    $2000 16
(Dan: What is The $60,000 Question?)
(Carol: What is The $64,000 Question?)
...
(Alex: It's a popular misconception. It had to do with the show [*].)

Twenty-One

DanCarol
Triple Stumper
    $2000 10
(Nathan: Who is Kidd?)

Barbara Kingsolver

NathanCarol
    $2000 23
a boson

Carol
    $2000 21
ogee

Carol

Scores at the end of the Double Jeopardy! Round:

Dan Nathan Carol
$9,600 $1,200 $14,200

[wagering suggestions for these scores]

Final Jeopardy! Round responses

WHO WAS THE PRESIDENT WHEN...
(Alex: [Before revealing the responses] This is a bit tricky, because way back then the Super Bowl was played much earlier than it is these days.)
NathanWho was Nixon?
$200
DanWho is LBJ?
$9,000
CarolWho is JFK?
$6,000
Lyndon B. Johnson

Final scores:

Dan Nathan Carol
$18,600 $1,000 $8,200
2-day champion: $31,800 3rd place: $1,000 2nd place: $2,000

Game dynamics:

Coryat scores:

Dan Nathan Carol
$5,800 $1,200 $14,200
16 R
(including 2 DDs),
2 W
13 R,
7 W
18 R,
3 W

Combined Coryat: $21,200

[game clues] [game scores] [suggest correction]

Game tape date: 2011-12-19
The J! Archive is created by fans, for fans. Scraping, republication, monetization, and malicious use prohibited; this site may use cookies and collect identifying information. See terms. The Jeopardy! game show and all elements thereof, including but not limited to copyright and trademark thereto, are the property of Jeopardy Productions, Inc. and are protected under law. This website is not affiliated with, sponsored by, or operated by Jeopardy Productions, Inc. Join the discussion at JBoard.tv.